• 首页
  • 本馆介绍
  • 公告通知
  • 最新文献
  • 馆藏检索
  • 电子资源
  • 读者导购
  • 参考咨询
  • 我的图书馆
  • 登录
  • 详细信息显示
  • 放入我的书架
  • 预约/预借图书
  • 作者相关作品
  • 分类相关作品
  • 丛书相关作品
  • 出版社相关作品

书目信息

  • 表格格式
  • 工作单格式
  • 卡片格式
题名:
心理与行为科学统计
    
 
作者: 甘怡群 , 张轶文 , 邹玲 编著
分册:  
出版信息: 北京   北京大学出版社  2005
页数: 322页
开本: 23cm
丛书名:
单 册:
中图分类: B841.2
科图分类:
主题词: 心理统计--高等学校--教材
电子资源:
ISBN: 7-301-08974-0
000 00813n|m0 2200241 450
001 1558158639
005 20150124160951.04
010    @a7-301-08974-0@dCNY32.00
100    @a20050119d2005 em y0chiy50 ea
101 0  @achi
102    @aCN@b110000
105    @ay z 000yy
200 1  @a心理与行为科学统计@9xin li yu xing wei ke xue tong ji@f甘怡群,张轶文,邹玲编著
210    @a北京@c北京大学出版社@d2005
215    @a322页@d23cm
330    @a本书讲述行为科学(重点在心理学)中使用的基本统计知识:描述性统计、简单的假设验证和最简单多元统计。
606 0  @a心理统计@x高等学校@j教材
690    @aB841.2@v5
701  0 @a甘怡群@9gan yi qun@c(女,@f1966.4~)@4编著
701  0 @a张轶文@9zhang yi wen@4编著
701  0 @a邹玲@9zou ling@c(心理学)@4编著
801  0 @aCN@bTSSF@c20150115
905    @aZUCC@dB841.2@eJY1
    
    心理与行为科学统计/甘怡群,张轶文,邹玲编著.-北京:北京大学出版社,2005
    322页;23cm
    
    
    ISBN 7-301-08974-0:CNY32.00
    本书讲述行为科学(重点在心理学)中使用的基本统计知识:描述性统计、简单的假设验证和最简单多元统计。
●
相关链接 在E读中查询图书 在五车中查询图书 在当当中查询图书 在豆瓣中查询图书


正题名:心理与行为科学统计     索取号:B841.2/JY1         预约/预借

序号 登录号 条形码 馆藏地/架位号 状态 备注
1 7857977   278579771   学院路分馆/ [索取号:B841.2/JY1] 在馆    
2 7857978   278579780   学院路分馆/ [索取号:B841.2/JY1] 在馆    
唐山师范学院图书馆 欢迎您!
大连网信软件有限公司© 版权所有